| 000 | 00988 a2200313 4500 | ||
|---|---|---|---|
| 003 | OSt | ||
| 005 | 20180116192343.0 | ||
| 008 | 120529t xxu||||| |||| 00| 0 eng d | ||
| 010 | _a 96038752 | ||
| 020 | _a0942299310 | ||
| 020 | _a0942299329 (pbk.) | ||
| 020 | _a9780942299328 | ||
| 040 | _c0 | ||
| 082 | 0 | 0 | _a501 |
| 100 | 1 |
_aDe Landa, Manuel. _92433 |
|
| 245 | 1 | 2 |
_aA thousand years of nonlinear history / _cManuel DeLanda. |
| 260 |
_aNew York : _bZone Books, _c1997. |
||
| 300 |
_a333 p. : _c24 cm. |
||
| 440 | 0 |
_aSwerve editions _92434 |
|
| 650 | 0 |
_aScience _xPhilosophy _xHistory. _92435 |
|
| 650 | 0 |
_aNonlinear theories _xHistory. _92436 |
|
| 650 | 0 |
_aPhilosophy _xHistory. _92437 |
|
| 650 | 0 |
_aGeology _xHistory. _92438 |
|
| 650 | 0 |
_aBiology _xHistory. _92439 |
|
| 650 | 0 |
_aLinguistics _xHistory. _92440 |
|
| 942 |
_aSADA _cBK _k501 DEL 1997 _2ddc |
||
| 999 |
_c352733 _d352733 |
||